| 000 | 01123cam a22003373 4500 | ||
|---|---|---|---|
| 001 | 12490963 | ||
| 003 | OSt | ||
| 005 | 20140310182223.0 | ||
| 008 | 010802s1999 nyu| ||| |000 1|eng | ||
| 010 | _a 2001568441 | ||
| 020 | _a0671028057 (pbk.) | ||
| 040 |
_aDLC _cDLC _dDLC |
||
| 050 | 0 | 0 |
_aPZ 7 _b.H727 1999 |
| 082 |
_aFIC# _bSAB #28 |
||
| 100 | 1 |
_aHolder, Nancy. _96620 |
|
| 245 | 1 | 0 |
_aUp, up, and away / _cNancy Holder. |
| 260 |
_aNew York : _bPocket Books, _cc1999. |
||
| 300 |
_a129 p. : _c17 cm. |
||
| 490 | 1 |
_aSabrina, the teenage witch ; _v#28 |
|
| 650 |
_aWitchcraft _xFiction. _917544 |
||
| 650 |
_aWitches _xFiction. _917545 |
||
| 655 | 7 |
_aYoung adult fiction. _2lcsh _93735 |
|
| 710 | 2 |
_aCopyright Paperback Collection (Library of Congress) _5DLC _9705 |
|
| 830 | 0 |
_aSabrina, the teenage witch (Young adult series) ; _v28. _917546 |
|
| 856 | 4 | 2 |
_3Publisher description _uhttp://www.loc.gov/catdir/description/simon033/2001568441.html |
| 906 |
_a7 _bcbc _corignew _d2 _encip _f20 _gy-genrareb |
||
| 942 |
_2lcc _cBK-FIC |
||
| 999 |
_c10749 _d10749 |
||